| 000 | 00589 a2200157 4500 | ||
|---|---|---|---|
| 003 | Nust | ||
| 005 | 20170207154118.0 | ||
| 040 | _cNust | ||
| 082 | _a574 | ||
| 100 | _aM.E. Phillips and L.E. Cox | ||
| 245 |
_aTeach yourself biology _cM.E. Phillips and L.E. Cox |
||
| 260 |
_alondon _bRichard clay _c1940 |
||
| 300 | _a186p; | ||
| 505 | _aThe Animal as a Machine Incessantly at Work (Page-11) The Plant as a Machine Incessantly at Work (Page-66) The wide World of Living Things Their Structure Range and Variety (Page-94) Evolution and Heredity (Page-152) | ||
| 538 | _aAlmirah No 18. Shelf No.6 | ||
| 942 |
_2ddc _cBK |
||
| 999 |
_c194172 _d194172 |
||